| 000 | 02131nam0a2200349 4500 | ||
|---|---|---|---|
| 001 | RU\NLR\BIBL_A\011413589 | ||
| 005 | 20240921113013.0 | ||
| 021 |
_aRU _b2017-40912 _92975 |
||
| 035 | _a(RuMoRGB)008900656 | ||
| 035 | _a(NLR Aleph) 011413589 | ||
| 090 |
_a11570776 _c11570776 |
||
| 100 | _a20170623d2017 k y0rusy50 ba | ||
| 101 | 0 |
_arus _aeng |
|
| 102 | _aRU | ||
| 105 | _aa j 000zy | ||
| 200 | 1 |
_aHighway engineering _eучебное пособие _e[для студентов-бакалавров 1 курса дневного отделения направления подготовки 08.03.01 "Строительство" по профилю "Строительство автомобильных дорог, аэродромов, объектов транспортной инфраструктуры"] _fД. К. Вахитова, Т. С. Казымова _gМинистерство образования и науки Российской Федерации, Казанский государственный архитектурно-строительный университет |
|
| 210 |
_aКазань _cИзд-во Казанского государственного архитектурно-строительного университета _d2017 |
||
| 215 |
_a153 с. _cил. _d29 |
||
| 300 | _aОбл. на англ. яз.: Highway engineering / D. K. Vakhitova, T. S. Kazymova | ||
| 320 | _aБиблиогр.: с. 153 (21 назв.) | ||
| 512 | 1 |
_6z45790 _aHighway engineering |
|
| 606 | 1 |
_aАнглийский язык _xУчебные издания для дорожно-строительных специальностей _92415981 _3RU\NLR\AUTH\661439124 |
|
| 686 |
_aШ143.21-923.2 _2rubbk |
||
| 686 | 1 | _aШ143.21-93рус328.76 | |
| 700 | 1 |
_aВахитова _bД. К. _gДиляра Касимовна |
|
| 701 | 1 |
_aКазымова _bТ. С. _gТатьяна Сергеевна |
|
| 790 | 1 |
_6z45 _aVachitova _bD. K. _gDiljara Kasimovna |
|
| 790 | 1 |
_6z45 _6z45512 _aKazymova _bT. S. _gTat'jana Sergeevna |
|
| 942 | _cBOOK | ||
| 980 | _aNBR | ||